000 00556nam a2200181Ia 4500
008 100920s9999 xx 000 0 und d
082 _b92284
_a891.461 न 05
100 _aपाडगांवकर मंगेश.
245 _aसूर आनंदघन.
260 _bमौज प्रकाशन गृह, मुंबई.
_c2005
300 _a65
_bसाधी
365 _b60
520 _aपदय.
630 _aसूर आनंदघन.
650 _aपदय.
730 _aसूर आनंदघन.
942 _cBOOK
999 _c732730
_d732727